<?xml version="1.0" encoding="UTF-8"?><?xml-stylesheet type="text/xsl" href="static/style.xsl"?><OAI-PMH xmlns="http://www.openarchives.org/OAI/2.0/" xmlns:xsi="http://www.w3.org/2001/XMLSchema-instance" xsi:schemaLocation="http://www.openarchives.org/OAI/2.0/ http://www.openarchives.org/OAI/2.0/OAI-PMH.xsd"><responseDate>2026-04-17T18:24:07Z</responseDate><request verb="GetRecord" identifier="oai:www.recercat.cat:20.500.14342/1323" metadataPrefix="marc">https://recercat.cat/oai/request</request><GetRecord><record><header><identifier>oai:recercat.cat:20.500.14342/1323</identifier><datestamp>2025-09-30T19:09:11Z</datestamp><setSpec>com_2072_482405</setSpec><setSpec>com_2072_183628</setSpec><setSpec>col_2072_482409</setSpec></header><metadata><record xmlns="http://www.loc.gov/MARC21/slim" xmlns:dcterms="http://purl.org/dc/terms/" xmlns:xsi="http://www.w3.org/2001/XMLSchema-instance" xmlns:doc="http://www.lyncode.com/xoai" xsi:schemaLocation="http://www.loc.gov/MARC21/slim http://www.loc.gov/standards/marcxml/schema/MARC21slim.xsd">
   <leader>00925njm 22002777a 4500</leader>
   <datafield ind2=" " ind1=" " tag="042">
      <subfield code="a">dc</subfield>
   </datafield>
   <datafield ind2=" " ind1=" " tag="720">
      <subfield code="a">Escuriet, Ramon</subfield>
      <subfield code="e">author</subfield>
   </datafield>
   <datafield ind2=" " ind1=" " tag="720">
      <subfield code="a">Martin Arribas, Anna</subfield>
      <subfield code="e">author</subfield>
   </datafield>
   <datafield ind2=" " ind1=" " tag="720">
      <subfield code="a">Fernández Cuesta, Ana Isabel</subfield>
      <subfield code="e">author</subfield>
   </datafield>
   <datafield ind2=" " ind1=" " tag="720">
      <subfield code="a">Palau, Roser</subfield>
      <subfield code="e">author</subfield>
   </datafield>
   <datafield ind2=" " ind1=" " tag="720">
      <subfield code="a">Segura Lechuga, Maria</subfield>
      <subfield code="e">author</subfield>
   </datafield>
   <datafield ind2=" " ind1=" " tag="260">
      <subfield code="c">2021-01</subfield>
   </datafield>
   <datafield ind2=" " ind1=" " tag="520">
      <subfield code="a">Aquest document és la traducció de la Guia de criteris d'ingrés en una unitat de risc baix de la Regulation and Quality Improvement Authority (RQIA) d'Irlanda del Nord. RQIA és l'organisme responsable de monitoritzar i inspeccionar la disponibilitat i qualitat dels serveis de salut d'Irlanda del Nord, i encoratjar millores en la seva qualitat. Aquesta guia ha estat revisada metodològicament, per parells. I la traducció ha estat elaborada seguint les guies de traducció i adaptació de l'Organització Mundial de la Salut.</subfield>
   </datafield>
   <datafield ind2=" " ind1=" " tag="520">
      <subfield code="a">Este documento es la traducción de la Guía de criterios de ingreso en una unidad de bajo riesgo de la Regulation and Quality Improvement Authority (RQIA) de Irlanda del Norte.RQIA es el organismo responsable de monitorizar e inspeccionar la responibilidad y calidad de los servicios de salud en Irlanda del Norte, y alentar mejoras en la calidad de estos. Esta guía&#xd;
ha sido revisada metodológicamente, por pares. Y la traducción ha sido elaborada siguiendo las guías de traducción y adaptación de la Organización Mundial de la Salud.</subfield>
   </datafield>
   <datafield ind1="8" ind2=" " tag="024">
      <subfield code="a">http://hdl.handle.net/20.500.14342/1323</subfield>
   </datafield>
   <datafield tag="653" ind2=" " ind1=" ">
      <subfield code="a">Infermeria -- Working Papers</subfield>
   </datafield>
   <datafield tag="653" ind2=" " ind1=" ">
      <subfield code="a">Obstetrícia -- Working Papers</subfield>
   </datafield>
   <datafield tag="653" ind2=" " ind1=" ">
      <subfield code="a">Part</subfield>
   </datafield>
   <datafield ind2="0" ind1="0" tag="245">
      <subfield code="a">Guía de criterios de admisión en una unidad liderada por matronas (ULM): guía de práctica clínica</subfield>
   </datafield>
</record></metadata></record></GetRecord></OAI-PMH>